000 00709nam a22002657a 4500
003 IBSLLIB
005 20260514064439.0
008 260514b |||||||| |||| 00| 0 eng d
020 _a139781741754476
040 _aIBSLLIB
_beng
041 _hEnglish
082 _a158.12
_bMIC
100 _aMichie , David
245 _aHurry Up And Meditate :
_bYour Starter Kit For Inner Peace And Better Health
260 _aAustralia :
_bAllen & Unwin ,
_c2008
300 _a158 P ;
_c19 cm
650 _aHurry Up And Meditate
653 _aMaditation
653 _aWell - Being
653 _aHappiness
653 _aMental Health
653 _aStress Manage
653 _aPsychology
942 _cLBK
999 _c22133
_d22133